00720 2200253 4500001002100000005001700021008004100038020001800079035002400097090001500121100002300136245011900159250001000278260004800288300002400336650001300360700002000373700001100393850001500404980001100419985000600430999001500436999001500451YOGYA-0209000003846520090227025353.0 ind  a979-719-214-8 0010-020900000038465 a128bWir M aWIRYADINATA, Lukas aMengapa kematian ini terjadi ?bsebuah renungan atas kematiancLukas Wiryadinata; editor, Bert T. Lembang & Alfred aCet.1 aYogyakartabYayasan Pustaka Nusantarac2004 a92 hlmbilusc19 cm aKematian aLembang, Bert T aAlfred aYOPDYOG(B) a020506 a2 a05B0010311 a05B0010312